Biblioteca ESET

Una muchacha muy bella. (Registro nro. 211)

Detalles MARC
000 -CABECERA
fixed length control field 00791nam a22002417a 4500
003 - CONTROL NUMBER IDENTIFIER
control field OSt
005 - FECHA Y HORA DE LA ULTIMA TRANSACCION
control field 20231004194638.0
008 - ELEMENTOS DE LONGITUD FIJA-INFORMACION GENERAL
fixed length control field 220314b |||||||| |||| 00| 0 eng d
020 ## - NUMERO INTERNACIONAL NORMALIZADO PARA LIBROS
Número Internacional Normalizado del libro 978987712227
040 ## - FUENTE DE CATALOGACION
Agencia de catalogación original AR-BeUNQ/Biblio. ESET
Agencia que realiza la transcripción AR-BeUNQ
Convenciones de la descripción aacr
082 ## - NUMERO DE CLASIFICACION DECIMAL DEWEYMBER
Número de la edición 21
Número de clasificación A863
Número del ítem 58821
100 #1 - ASIENTO PRINCIPAL-NOMBRE PERSONAL
Nombre personal López, Julían
Títulos u otras palabras asociadas al nombre aut.
Fecha asociada al nombre 1965
245 ## - MENCION DE TITULO
Título Una muchacha muy bella.
Mención de responsabilidad, etc Julián López
250 ## - MENCION DE EDICION
Mención de edición 1ª.ed.
260 ## - PUBLICACION, DISTRIBUCION, ETC.
Lugar de publicación, distribución, etc. BuenosAires:
Nombre del editor, distribuidor, etc. Eterna Cadencia,
Fecha de publicación, distribución, etc 2021
300 ## - DESCRIPCION FISICA
Extensión 160 p.
Dimensiones 22 cm.
650 ## - ASIENTO SECUNDARIO DE MATERIA - TERMINO TEMATICO
Término temático o nombre geográfico como elemento de entrada Literatura adultos
651 ## - ASIENTO SECUNDARIO DE MATERIA - NOMBRE GEOGRAFICO
Nombre geográfico Argentina
Fuente del encabezamiento o término sipnes
700 ## - ASIENTO SECUNDARIO - NOMBRE DE PERSONA
Personal name Literatura adultos
929 ## - DATOS DE ADQUISICION
Procedencia DONACION
Proveedor Ministerio de Educación de la Nación
Precio 1250
Fecha de recibido 202212
Número de inventario 58821
Es copia 1
929 ## - DATOS DE ADQUISICION
Procedencia DONACION
Proveedor Ministerio de Educación de la Nación
Precio 1250
Fecha de recibido 20230629
Número de inventario 61305
Es copia 2
Patrimonio UNQ PAT0080265
942 ## - ELEMENTOS DE PUNTO DE ACCESO ADICIONAL (KOHA)
Tipo de ítem Koha Libros
Existencias
Estado de retiro Estado de pérdida Ubicación permanente Ubicación actual Ubicación en estantería Fecha de ingreso Inventario Date last seen Tipo de ítem Koha Total Checkouts Signatura topográfica completa Número de copia
    Biblioteca ESET - UNQ Biblioteca ESET - UNQ CIRCULACION 13/03/2022 58821 14/03/2022 Libros      
    Biblioteca ESET - UNQ Biblioteca ESET - UNQ CIRCULACION 17/07/2023 61305 04/10/2023 Libros   Ar 863 LOP 2

ESET UNQ

☏ 4365-7188
 Avenida República de Francia 1714 entre Doctor Kenny y Concordia, Ezpeleta, Bs As.
✉ secretaria_eset@unq.edu.ar

Con tecnología Koha